Teuerste Abgänge von FC Chelsea - Statistiken

Allgemein
  • Dieses Quiz wurde 25 mal gespielt
  • Das Durchschnittsergebnis liegt bei 5 aus 15
Antwortstatistiken
Hint Antwort % Korrekt
1 Eden Hazard
80%
12 Romelu Lukaku
65%
2 Kai Havertz
60%
3 Mason Mount
55%
6 David Luiz
40%
14 Thibaut Courtois
40%
15 Alvaro Morata
35%
4 Diego Costa
30%
8 Nemanja Matic
25%
5 Oscar
20%
7 Juan Mata
15%
11 Tammy Abraham
15%
10 Conor Gallagher
10%
13 Fikayo Tomori
10%
9 Ian Maatsen
5%
Keine übereinstimmenden Quizze gefunden
Verteilung der Resultate
Anzahl Personen mit jedem Resultat
Perzentil nach korrekt beantworteten Fragen
Ihre Resultats-Entwicklung
Sie haben dieses Quiz noch nicht gespielt